Регионална библиотека "Любен Каравелов" - Русе

Завръщане у дома (Запис номер 185496)

MARC детайли
000 -Лидер
Контролно поле с фиксирана дължина 01625nam a2200325 c 4500
003 - Код на организацията, давaща контролен номер
Контролно поле BLK
005 - Дата и час на последна редакция
Контролно поле 20180422115421.0
008 - Елементи от данни с фиксирана дължина
fixed length control field 180411b bul|||||r ||||||| ||bul||
010 ## - Наследен системен номер
LC control number KNG00194490000
020 ## - Международен стандартен номер на книга ISBN
Международен стандартен номер на книга ISBN 954-04-0074-0
-- издат.: Нар. култура
040 ## - Източник на каталожния запис
Идентификатор на билиотеката - собственик на записа BLK
041 ## - Код за език
Код за езика на текст/звукозапис или на отделно заглавие Български
Код за езика КДБФ Български
080 ## - УДК
Текстов определител УДК Австрийска литература
УДК код - определител по УДК 821.112(436)
УДК определител -3
УДК - код + определител 821.112(436)-3
100 1# - Редна дума - Автор
Автор Кафка, Франц
Авторска отговорност първи автор
R(LIN) 77682
139 ## - Редно поле
Редна дума Кафка, Франц
Авторски знак Кау - К 47
245 10 - Сведения за заглавието
Заглавие Завръщане у дома
Подзаглавни данни Разкази, фрагменти, скици
Редно поле (дума) Франц Кафка; състав. Гергана Иванова Фъркова; прев. от нем. Гергана Иванова Фъркова; прев. от нем. Ива Илиева.
257 ## - Страна на издаване
Страна на създаване/издаване Австрия
260 ## - Област на издателските данни
-- София
Име на издателя, разпространителя и проч. Нар. култура
Година на издаване 1993
300 ## - Физическа характеристика
Страници 192 с.
Размери/Мащаб 20 см
380 ## - Жанр
Жанр Худож. лит.
500 ## - Общи забележки
Забележка Прев. е направен от Gesammelte Werke ; Erzahlungen ; Hochzeitsvorbereitungen auf dem Lande und andere Prosa aus dem Nachlass ; Beschreibung eines Kampfes. Novellen, Skizzen, Apforismen aus dem Nachlass ; Tagebuher 1910-1923 / Franz Kafka. - Офс. изд. - 5 000 тир.
700 1# - Други автори (авторска отговорност)
Лично име Фъркова, Гергана Иванова
Автороска отговорност (Описва отношението между автора и произведението) състав.
9 (RLIN) 384278
700 1# - Други автори (авторска отговорност)
Лично име Фъркова, Гергана Иванова
Автороска отговорност (Описва отношението между автора и произведението) прев. от нем.
9 (RLIN) 384278
700 1# - Други автори (авторска отговорност)
Лично име Илиева, Ива
Автороска отговорност (Описва отношението между автора и произведението) прев. от нем.
9 (RLIN) 286283
852 ## - Местоположение
Форматна сигнатура Цб 172763
856 4# - Електронен адрес и достъп
Електронен формат pdf - файл
Път до файла /url/
856 4# - Електронен адрес и достъп
Електронен формат pdf - файл
Път до файла /url/
942 ## - АРТИКУЛИ
Вид на библиотечния материал Книги
Скрит в OPAC Не
944 ## - СЪЗДАВАНЕ И РЕДАКЦИЯ на ЗАПИСА
Създаване/Редакция Създаване
Дата на регистрацията/редакция 26.10.2016
Служител, извършил регистрацията/редакцията Кети_Илиева
944 ## - СЪЗДАВАНЕ И РЕДАКЦИЯ на ЗАПИСА
Създаване/Редакция Редакция
Дата на регистрацията/редакция 26.10.2016
Служител, извършил регистрацията/редакцията Кети_Илиева
999 ## - СИСТЕМНИ КОНТРОЛНИ НОМЕРА
Koha biblionumber 185496
Koha biblioitemnumber 185496
Наличности
Код за отписване Код за изгубен артикул Код за повреда Коз за рестрикции Код за отдаване Артикулен № Име на библиотеката - собственик Име на библиотеката, в която се намира в момента Статус (Текущо местоположение) Дата на вписване в системата Местоположение - отдел Цена в лева Инвентарен номер Систематично азбучна сигнатура Баркод Номер на екземпляра Цена в евро Служебна бележка Служебен тип на артикула Източник на класификационната схема
  Не е изгубен Не е повреден без рестрикции ползва се в читалня 321569 Регионална библиотека "Любен Каравелов" Русе Регионална библиотека "Любен Каравелов" Русе Хранилище 1993-01-01 Хранилище 0.88 584100 Цб 172763 584100 1 0.45 Вид: Сф Дата: 01.01.1993 Книги  
Изтеглен Не е изгубен Не е повреден без рестрикции заемане за дома 321570 Регионална библиотека "Любен Каравелов" Русе Регионална библиотека "Любен Каравелов" Русе Заемна - подръчен фонд 1993-01-01 Заемна - подръчен фонд 1.75 581846 П 830-3/К 47 581846 2 0.89 Вид: Сф Дата: 01.01.1993 Книги Universal Decimal Classification
Изтеглен Не е изгубен Не е повреден без рестрикции заемане за дома 321571 Регионална библиотека "Любен Каравелов" Русе Регионална библиотека "Любен Каравелов" Русе Заемна - подръчен фонд 1993-01-01 Заемна - подръчен фонд 1.75 581849 П 830-3/К 47 581849 3 0.89 Вид: Сф Дата: 01.01.1993 Книги Universal Decimal Classification
Vip Innovations Ltd, Rousse, Bulgaria 2025